GERONTOLOGY FOR THE HEALTH CARE PROFESSIONAL (Record no. 801520)

MARC details
000 -LEADER
fixed length control field 00411pam a2200157 a 4500
020 ## - INTERNATIONAL STANDARD BOOK NUMBER
International Standard Book Number 9781284030525
Terms of availability
041 ## - LANGUAGE CODE
Language code of text/sound track or separate title eng
082 ## - DEWEY DECIMAL CLASSIFICATION NUMBER
Classification number 617.3
Item number ROB/CHO
100 ## - MAIN ENTRY--PERSONAL NAME
Personal name ROBNET R.H., CHOP W.
245 ## - TITLE STATEMENT
Title GERONTOLOGY FOR THE HEALTH CARE PROFESSIONAL
Medium Textual Documents
250 ## - EDITION STATEMENT
Edition statement 3.
260 ## - PUBLICATION, DISTRIBUTION, ETC.
Place of publication, distribution, etc. [s.l]:
Name of publisher, distributor, etc. JONES & BARTEETT LEANNING,
Date of publication, distribution, etc. 2015.
300 ## - PHYSICAL DESCRIPTION
Extent 420:
Other physical details XVIII;
Dimensions PB.
650 ## - SUBJECT ADDED ENTRY--TOPICAL TERM
Topical term or geographic name entry element ORTHO
930 ## - EQUIVALENCE OR CROSS-REFERENCE-UNIFORM TITLE HEADING [LOCAL, CANADA]
Uniform title 6993
Holdings
Withdrawn status Lost status Damaged status Not for loan Collection Home library Current library Date acquired Source of acquisition Cost, normal purchase price Total Checkouts Full call number Barcode Date last seen Copy number Price effective from Koha item type
          Medical College & Hospital, Sangli Medical College & Hospital, Sangli 13/10/2015 B.M.S.G.B.PUNE 3807.30   617.3 ROB/CHO MCS-12643 26/07/2023 1 26/07/2023 Book